IEP Lyon - CF Sociologie Historique de l'Etat (1) - Statistiques

Statistiques générales
  • Ce quiz a été pris 26 fois
  • Le résultat moyen est 18 sur 39
Statistiques - réponses
Hint Réponse % Correct
L'école méthodique apparaît au début de la ..ème République et s'oppose à "l'histoire récit" en préconisant une étude scientifique de l'histoire -> méthode rigoureuse d'analyse des archives, distance avec les sciences sociales. 3
85%
« L’histoire de toute société jusqu’à nos jours, c’est l’histoire de la lutte des ... » --> la dynamique de l’histoire travaillée par un conflit central entre des ... sociales antagonistes classes
85%
🡺Le développement de la sociologie française (dans une perspective nomothétique) se développe sous le contrôle de qui ? donner son nom de famille Durkheim
85%
Le D ambitionne une fusion (ou absorption sous les auspices de la sociologie) entre sociologie et histoire. Mais au final l'... est laissée de côté dans une perspective nomothétique. (du coup dialogue difficile avec les ...iens) histoire
77%
L’Etat : « une entreprise politique de caractère institutionnel lorsque et tant que sa direction administrative revendique avec succès, dans l’application des règlements, le monopole de la contrainte physique ... » --> n'existe vraiment que si apparaît un appareil politique spécialisé et institutionnalisé. légitime
77%
* Le paradigme wébérien M. Weber (1864-1920) définit l’État par ses ... et non par une prétendue finalité moyens
77%
Mais l'approche de Marx est en fait plus subtile : comparaison entre les USA et la ... en montrant le développement différencié de l'Etat selon les pays, ce qui fait exister plusieurs formes/types d'Etat Prusse
77%
🡺Un nouveau contexte intellectuel (La solidification d’une sociologie historique « à la française » à partir des années 1980) L'... politique connaît un second souffle au sein de l'.. en général (notamment contexte bicentenaire de la révolution française) histoire
69%
🡺Les Annales : nommer un des deux auteurs à l'origine de son développement Marc Bloch / Lucien Febvre
69%
Dans cette approche, les sources sont de 1ère main ? oui ou non non (2nde main)
69%
L’Etat : une construction sociale historiquement et géographiquement située et qui a évolué à travers différents processus d’ « ... » longs et complexes étatisation
62%
Penser l’Etat au risque de la « ... d’Etat » (P. Bourdieu) : éviter d’ « appliquer à l’Etat des catégories de ... produites et garanties par l’Etat » pensée
62%
L'Etat paraît "..." car on le connaît et on interagit avec règles, impôts, bâtiments, représentants, symboles [en lien avec la nature du régime], serviteurs/agents…) … mais dont les pouvoirs s’érodent ? familier
54%
... --> singularité des objets : insiste sur la singularité des contextes observés comme irréductibles Idiographique
54%
Dans le langage courant, on a 3 acceptions ou représentations dominantes de l'Etat : - ... : Il se présente alors comme une forme de pouvoir qui s’exerce sur la société civile. Et c’est donc dans cette perspective qu’on oppose/distingue l’Etat à la société civiles ou collectivités territoriales. politique
54%
Pour l’école des annales, il faut des enquêtes sur la longue durée / une étude des « réalités ... » (institutions, architectures ..., civilisations etc…) -> dialogue entre histoire et sociologie mais trop de différences + désintérêt pour l'histoire politique sociales
54%
L'étatisation s'accompagne d'un phénomène de ... (métiers, fonctions et agents chargés d'exercer le pouvoir finissent par constituer une filière politique et administrative) spécialisation
54%
- juridique : société globale juridiquement organisée sur un territoire délimité; - ... : perçu au travers des représentations ... plus ou moins communément partagées. L’Etat c’est par exemple un pouvoir de contrainte qui va être incarnée et matérialisé par des uniformes par exemple. symbolique
54%
Une opposition sciences de la ... (nomothétique) / de la culture (réponse précédente) ? 🡺 Une opposition que remettrait en cause la sociologie historique… nature
46%
Finalement un processus d'... : transfert de pouvoir de personne physique à une instance abstraite institutionnalisation
38%
🡺Il s’agit de penser l’Etat en formation et en ... : perspective ...niste de l’Etat. Le pouvoir comme une relation sociale. PAS = subtentionniste. interaction
38%
🡺Deux principales stratégies de recherche : - une perspective ... / comparative / longue durée macro
38%
L’apparence d’une forme de pouvoir « ... » : une évidence de l’Etat qui fait oublier son caractère construit (en effet des sociétés sans Etat ou "contre l'Etat" existent - Pierre Clastres) naturelle
38%
Fort développement à partir des années 1930, forte critique de l'école méthodique (histoire très politique). Pour l'école des annales, on parle "d'histoire-..." (toujours poser en amont une question de recherche explicite) problème
38%
Nomothétique : ... / loi (nomos = loi) : des permanences dans les phénomènes observés afin d'en tirer un certain nombre de lois régularités
38%
Et aussi d'un processus de ... de la contrainte légitime : émergence de la structure pyramidale de droit (constitution à sa tête) et une structure pyramidale de l'administration centralisation
31%
Marxiste : un auteur qui partage les conceptions scientifiques + le combat militant/politique de Marx. Marxien : un auteur qui est d'accord avec Marx sur le plan ... mais pas sur le plan ... (écrire les deux mots dans l'ordre) scientifique politique
31%
🡺 Etre à l’écoute des différentes ... du politique « Usant d’échelles chronologiques différentes (du rythme haletant du calendrier électoral à celui presque immobile des mentalités), la sociologie historique du politique se veut donc à l’écoute de la polyphonie des temps du politique » (Yves Deloye) temporalités
31%
Dans la conception de Marx, l'Etat est d'abord : - une conception instrumentale (outil aux mains de la classe dominante : "un ... qui gère les affaires communes de toute la classe bourgeoise") - un objet qui a une nature coercitive ("instrument d'exploitation des classes opprimées") comité
23%
Un des pouvoirs majeurs de l’Etat : « produire et d'... (notamment par l’école) les catégories de pensée que nous appliquons spontanément à tout chose du monde, et à l’Etat lui même » imposer
23%
🡺 La jeune science politique (aberrant frérot) Se place d’emblée dans une épistémologie à dominance ... Cette jeune science politique est très influencée par certains macro-paradigmes comme le structuro-fonctionnalisme (j'ai pas compris mdr) nomothétique
23%
🡺 L’enjeu majeur : apprécier la ... du passé : évaluer l’influence sur l’action présente des actions et configurations sociales passées. Où est le passé qui est encore là. persistance
23%
🡺L’Etat, une évidence que l’on oublie d’interroger : « cette forme politique [l’Etat] est peut-être d’abord une "... réalisée" dont l’apparente évidence provient en grande partie de l’oubli de sa genèse » (Nouveau manuel de science politique) prophétie
23%
Le processus d'étatisation selon Marx est aussi caractérisé par un mécanisme de ... et de ... 🡺 s’affranchir des « puissances privées indépendantes » (écrire un des deux mots) rationalisation / professionnalisation
23%
🡺Un Etat souvent encore perçu comme le principal interlocuteur des citoyens notamment en France où on a tendance à l’interpeler facilement, mais qui perd de sa capacité à ... la société ? réguler
23%
Le déclin des grands systèmes ... unifiants : deviennent moins en vogue, structuralisme, fonctionnalisme, marxisme… et un certains nombre de disciplines connaissent un retournement historique. L’historical turn des sciences humaines. théorique
23%
Aux USA il n'y a pas eu de passage féodal donc l'Etat est ... (reste soumis à la société civile) minimum
15%
- une perspective méso ou micro / ... / courtes durée / travail sur archives monographique
15%
🡺 Un va-et-vient entre contextualisation historique et raisonnement ... => remise en cause du distinguo nomothétique / idiographique. Un raisonnement sociologique entre contexte et expérimentation. Remise en cause de la frontière étanche entre nomothétique et idiographique. expérimental
8%
Aucun quiz correspondant
Distribution des résultats
% des personnes avec chaque résultat
Percentile par nombre de réponses
Votre historique - résultats
Vous n’avez pas pris ce quiz